| 000 | 00531nam a2200205Ia 4500 | ||
|---|---|---|---|
| 008 | 160319s9999 xx 000 0 und d | ||
| 245 | _aBlue's Clues: | ||
| 245 | _bPlay along with Blue. Story time / | ||
| 260 | _aHollywood CA. : | ||
| 260 | _bViacom International Inc. | ||
| 260 | _c2000 | ||
| 300 | _a1 videocassette (50 min.) : | ||
| 300 | _bVHS; color | ||
| 300 | _c1/2 in. | ||
| 650 | _aClue. | ||
| 650 | _aReading. | ||
| 650 | _aStorytelling -- | ||
| 650 | _aVideo recording. | ||
| 650 | _xJuvenile films. | ||
| 999 |
_c292680 _d292680 |
||